Electrical measurements: fundamentals concepts applications (Record no. 264)

MARC details
000 -LEADER
Fixed length control field 00671nam a2200169 4500
003 - CONTROL NUMBER IDENTIFIER
Control field SEACOMEC
005 - DATE AND TIME OF LATEST TRANSACTION
Control field 20231103053648.0
008 - FIXED-LENGTH DATA ELEMENTS--GENERAL INFORMATION
Fixed length control field 231103b |||||||| |||| 00| 0 eng d
022 ## - INTERNATIONAL STANDARD SERIAL NUMBER / ISSN
Price Rs.185.00
040 ## - CATALOGING SOURCE
Original cataloging agency SEACOMEC
082 1# - DEWEY DECIMAL CLASSIFICATION NUMBER
Classification number 621.37
Book Number R378
100 ## - MAIN ENTRY--PERSONAL NAME
Personal name Reissland,Martin U.
245 1# - TITLE STATEMENT
Title Electrical measurements: fundamentals concepts applications
Statement of responsibility Martin U. Reissland
260 1# - IMPRINT
Place of publication New delhi
Name of publisher New Age
Date of publication 2003
650 ## - SUBJECT ADDED ENTRY--TOPICAL TERM
Topical term Technology,Testing and measurement of electrical quantities
942 ## - ADDED ENTRY ELEMENTS (KOHA)
Koha item type Books
Holdings
Withdrawn status Lost status Source of classification Damaged status Not for loan Home library Current library Date acquired Total Checkouts Call number Accession number Date last seen Copy number Price effective from Koha item type
    Dewey Decimal Classification     SEACOM ENGINEERING COLLEGE SEACOM ENGINEERING COLLEGE 01/06/2006   621.37 R378 00242 03/11/2023 10 03/11/2023 Books
    Dewey Decimal Classification     SEACOM ENGINEERING COLLEGE SEACOM ENGINEERING COLLEGE 01/06/2006   621.37 R378 00243 03/11/2023 11 03/11/2023 Books
    Dewey Decimal Classification     SEACOM ENGINEERING COLLEGE SEACOM ENGINEERING COLLEGE 01/06/2006   621.37 R378 00244 03/11/2023 12 03/11/2023 Books
    Dewey Decimal Classification     SEACOM ENGINEERING COLLEGE SEACOM ENGINEERING COLLEGE 01/06/2006   621.37 R378 00245 03/11/2023 13 03/11/2023 Books
    Dewey Decimal Classification     SEACOM ENGINEERING COLLEGE SEACOM ENGINEERING COLLEGE 01/06/2006   621.37 R378 00246 03/11/2023 14 03/11/2023 Books
    Dewey Decimal Classification     SEACOM ENGINEERING COLLEGE SEACOM ENGINEERING COLLEGE 01/06/2006   621.37 R378 00247 03/11/2023 15 03/11/2023 Books
    Dewey Decimal Classification     SEACOM ENGINEERING COLLEGE SEACOM ENGINEERING COLLEGE 01/06/2006   621.37 R378 00248 03/11/2023 16 03/11/2023 Books
    Dewey Decimal Classification     SEACOM ENGINEERING COLLEGE SEACOM ENGINEERING COLLEGE 01/06/2006   621.37 R378 00249 03/11/2023 17 03/11/2023 Books
    Dewey Decimal Classification     SEACOM ENGINEERING COLLEGE SEACOM ENGINEERING COLLEGE 01/06/2006   621.37 R378 00250 03/11/2023 18 03/11/2023 Books
    Dewey Decimal Classification     SEACOM ENGINEERING COLLEGE SEACOM ENGINEERING COLLEGE 01/06/2006   621.37 R378 00251 03/11/2023 19 03/11/2023 Books
© Seacom Engineering College, All rights reserved.      Powered by Koha